书目信息 |
| 题名: |
林下经济植物栽培
|
|
| 作者: | 王邦富 主编 | |
| 分册: | ||
| 出版信息: | 北京 中国林业出版社 2014 |
|
| 页数: | 224页 | |
| 开本: | 23cm | |
| 丛书名: | ||
| 单 册: | ||
| 中图分类: | S56 | |
| 科图分类: | ||
| 主题词: | 林区--间作--经济植物--栽培技术--中等专业学校--教材 , 林区 , 间作 , 经济植物 | |
| 电子资源: | ||
| ISBN: | 978-7-5038-7468-0 | |
| 000 | 00971nam0 2200277 450 | |
| 001 | 012015000613 | |
| 005 | 20150914161749.40 | |
| 010 | @a978-7-5038-7468-0@dCNY34.00 | |
| 100 | @a20140928d2014 em y0chiy50 ea | |
| 101 | 0 | @achi@aeng |
| 102 | @aCN@b110000 | |
| 105 | @aa z 000yy | |
| 106 | @ar | |
| 200 | 1 | @a林下经济植物栽培@Alin xia jing ji zhi wu zai pei@f王邦富主编 |
| 210 | @a北京@c中国林业出版社@d2014 | |
| 215 | @a224页@c彩照@d23cm | |
| 300 | @a国家中等职业教育改革发展示范校教材 | |
| 330 | @a本书选择适宜南方地区林下栽培的经济植物66种,以林下经济植物栽培的基本理论和栽培模式为基础,对药用植物、食用植物、观赏植物的形态特征、生态习性、用途、林下栽培技术、采收、加工及贮藏作了较为详细的介绍。 | |
| 606 | 0 | @a林区@x间作@x经济植物@x栽培技术@x中等专业学校@j教材 |
| 606 | 0 | @a林区 |
| 606 | 0 | @a间作 |
| 606 | 0 | @a经济植物 |
| 690 | @aS56@v5 | |
| 701 | 0 | @a王邦富@Awang bang fu@4主编 |
| 801 | 0 | @aCN@b碧洲教育@c20150718 |
| 905 | @a10447@f4@dS56@e61 | |
| 林下经济植物栽培/王邦富主编.-北京:中国林业出版社,2014 |
| 224页:彩照;23cm |
| 国家中等职业教育改革发展示范校教材 |
| ISBN 978-7-5038-7468-0:CNY34.00 |
| 本书选择适宜南方地区林下栽培的经济植物66种,以林下经济植物栽培的基本理论和栽培模式为基础,对药用植物、食用植物、观赏植物的形态特征、生态习性、用途、林下栽培技术、采收、加工及贮藏作了较为详细的介绍。 |
| ● |
| 相关链接 |
|
|
|
|
正题名:林下经济植物栽培
索取号:S56/61
 
预约/预借
| 序号 | 登录号 | 条形码 | 馆藏地/架位号 | 状态 | 备注 |
| 1 | 0848707 | 208487074 | 第二样本阅览室/ [索取号:S56/61] | 在馆 | |
| 2 | 0848708 | 208487083 | 密集书库-生命科学系/ [索取号:S56/61] | 在馆 | |
| 3 | 0848709 | 208487092 | 第三借阅区/ [索取号:S56/61] | 在馆 | |
| 4 | 0848710 | 208487109 | 第三借阅区/ [索取号:S56/61] | 在馆 |